| 000 | 04839cam a22013214i 4500 | ||
|---|---|---|---|
| 003 | PE-LiUPU | ||
| 005 | 20250813185623.0 | ||
| 008 | 150706s2006 sp a r 000 0 spa d | ||
| 020 | _a9788436820690 | ||
| 035 | _a(Sirsi) i9788436820690 | ||
| 040 |
_aPE-LiUPU _bspa _cPE-LiUPU _erda |
||
| 049 | _aPRUA | ||
| 082 | 0 | 4 |
_a370.15 _bI6 _221 |
| 245 | 0 | 1 |
_aIntervención psicológica y educativa con niños y adolescentes : _bestudio de casos escolares / _ccoordinadores Francisco Xavier Méndez Carrillo, José Pedro Espada Sánchez y Mireia Orgilés Amorós. |
| 264 | 1 |
_aMadrid : _bPiramide, _c2006. |
|
| 300 |
_a446 páginas : _bilustraciones ; _c24 centímetros. |
||
| 336 |
_atext _2rdacontent |
||
| 337 |
_aunmediated _2rdamedia |
||
| 338 |
_avolume _2rdacarrier |
||
| 490 | 0 | _aPsicología | |
| 505 | 0 | _aIntervenciones con niños y adolescentes -- Tratamiento de un caso de inhibición conductual en la etapa preescolar -- Intervención en un caso de timidez -- Fobia escolar y rechazo al colegio -- Problemas de conducta en el aula: una intervención cognitivo-conductual -- Un caso de comportamiento agresivo -- Violencia y victimización entre escolares. El bullying -- Evaluación e intervención en un caso de trastorno por déficit de atención sin hiperactividad -- Evaluación e intervención en un caso de trastorno por déficit de atención con hiperactividad -- Diagnóstico e intervención en un caso con problemas en motivación académica -- Tratamiento de una adolescente con fracaso escolar -- Un caso de trastorno de Asperger -- Dificultades lectoescritoras y discapacidad visual. Tratamiento de un caso de ceguera -- Problemas de conducta en cuatro alumnos con déficit auditivo en una clase de segundo de primaria -- Detección e intervención temprana en mutismo selectivo -- Intervención en un caso de tartamudez -- Intervención en un caso de disglosia -- Intervención en un caso de dificultades lecto-escritoras -- Creatividad infantil: Juan y la mata de habas. | |
| 526 | _aP202 | ||
| 526 | _aP201 | ||
| 526 | _aP163 | ||
| 526 | _aP162 | ||
| 526 | _aP161 | ||
| 526 | _aP160 | ||
| 526 | _aP148 | ||
| 526 | _aP147 | ||
| 526 | _aP146 | ||
| 526 | _aP145 | ||
| 526 | _aP144 | ||
| 526 | _aP143 | ||
| 526 | _aP142 | ||
| 526 | _aP141 | ||
| 526 | _aP140 | ||
| 526 | _aP139 | ||
| 526 | _aP138 | ||
| 526 | _aP137 | ||
| 526 | _aP136 | ||
| 526 | _aP135 | ||
| 526 | _aP134 | ||
| 526 | _aP133 | ||
| 526 | _aP129 | ||
| 526 | _aP128 | ||
| 526 | _aP127 | ||
| 526 | _aP120 | ||
| 526 | _aP119 | ||
| 526 | _aP118 | ||
| 526 | _aP116 | ||
| 526 | _aP115 | ||
| 526 | _aP114 | ||
| 526 | _aP110 | ||
| 526 | _aP109 | ||
| 526 | _aP108 | ||
| 526 | _aP104 | ||
| 526 | _aP103 | ||
| 526 | _aP102 | ||
| 526 | _aP99 | ||
| 526 | _aP98 | ||
| 526 | _aP97 | ||
| 526 | _aP96 | ||
| 526 | _aP95 | ||
| 526 | _aP93 | ||
| 526 | _aP90 | ||
| 526 | _aP89 | ||
| 526 | _aP88 | ||
| 526 | _aP83 | ||
| 526 | _aP82 | ||
| 526 | _aP62 | ||
| 526 | _aP59 | ||
| 526 | _aP58 | ||
| 526 | _aP57 | ||
| 526 | _aP51 | ||
| 526 | _aP49 | ||
| 526 | _aP48 | ||
| 526 | _aP47 | ||
| 526 | _aP29 | ||
| 526 | _aP24 | ||
| 526 | _aP20 | ||
| 526 | _aP19 | ||
| 526 | _aP17 | ||
| 526 | _aP15 | ||
| 526 | _aP14 | ||
| 526 | _aP12 | ||
| 526 | _aP10 | ||
| 526 | _aP09 | ||
| 526 | _aP08 | ||
| 526 | _aP07 | ||
| 526 | _aP06 | ||
| 526 | _aP05 | ||
| 526 | _aP04 | ||
| 526 | _aP01 | ||
| 541 | _g001-000096; | ||
| 541 | _g001-000096; | ||
| 650 | 0 | 4 | _aCreatividad en niños. |
| 650 | 0 | 4 |
_aPsicopedagogía. _91885 |
| 650 | 0 | 4 | _aPsicología infantil. |
| 650 | 0 | 4 | _aTartamudez en niños. |
| 650 | 0 | 4 | _aPsicología del adolescente. |
| 650 | 0 | 4 |
_aAgresividad infantil _xEstudio de casos. |
| 700 | 1 |
_aMéndez Carrillo, Francisco Xavier, _ecoord. |
|
| 700 | 1 |
_aEspada Sánchez, José Pedro, _ecoord. |
|
| 700 | 1 |
_aOrgiles Amoros, Mireia, _ecoord. |
|
| 910 | _agl20130702 | ||
| 942 |
_2ddc _cBOOK |
||
| 949 |
_a370.15 I6 _wDEWEY _c1 _i67811 _lCCODEBUL1 _mBUL _p83.00 _r0 _sY _tBOOK _u2015-7-6 _xSALUD _PP33 _o.STAFF. Colección General |
||
| 949 |
_a370.15 I6 _wDEWEY _c2 _i67812 _lCCODEBUL1 _mBUL _p83.00 _r0 _sY _tBOOK _u2015-7-6 _xSALUD _PP33 _o.STAFF. Colección General |
||
| 994 |
_aC0 _bPEPRU |
||
| 596 | _a1 | ||
| 999 |
_a370.15 I6 _wDEWEY _c55334 _i67811 _d55334 _e2017-8-21 _f2021-11-8 _g5 _lCCODEBUL1 _mBUL _n4 _p83.00 _q2 _r0 _sY _tBOOK _u2015-7-6 _xEDUCACION _PP33 _0COMPRA _o.STAFF. Colección Ciencias de la Salud |
||
| 999 |
_a370.15 I6 _wDEWEY _c2 _i67812 _d2019-1-13 _e2018-9-9 _f2021-11-8 _g5 _lCCODEBUL1 _mBUL _n17 _p83.00 _q3 _r0 _sY _tBOOK _u2015-7-6 _xEDUCACION _PP33 _0COMPRA _o.STAFF. Colección Ciencias de la Salud |
||
| 980 |
_81 _gALBERTO SANCHEZ Responsable de Automatización |
||